Countries Where Gender Influences Politics the Most - Statistics

General Stats
  • This quiz has been taken 12 times
  • The average score is 8 of 15
Answer Stats
GGGI Politics Score Country % Correct
0.029 Kuwait
100%
0.061 Qatar
100%
0.068 Algeria
82%
0.066 Nigeria
82%
0.03 Sudan
82%
0.031 Iran
73%
0.044 Oman
64%
0.068 Malaysia
55%
0.055 Maldives
45%
0.068 Azerbaijan
36%
0.045 Bhutan
36%
0.069 Brunei
36%
0.033 Lebanon
36%
0.045 Fiji
0%
0.069 Hungary
0%
No matching quizzes found
Score Distribution
Percent of People with Each Score
Percentile by Number Answered
Your Score History
You have not taken this quiz